|
|
|
|
| LEADER |
00000cam a2200000 a 4500 |
| 001 |
vtls011629452 |
| 003 |
SK-MaSNL |
| 005 |
20260301182340.0 |
| 008 |
180123s2016 xo oc g c 00000dslo c |
| 015 |
|
|
|a SNBE2017
|
| 020 |
|
|
|a 9788089724154
|q (brož.)
|
| 040 |
|
|
|a SNK
|b slo
|c SNK
|e AACR2
|
| 041 |
0 |
|
|a slo
|b ger
|
| 043 |
|
|
|a e-xo---
|
| 044 |
|
|
|a xo
|c SK
|
| 072 |
|
7 |
|a 73
|x Sochárstvo, keramika, porcelán, umelecké spracovanie kovov
|2 konspekt
|
| 080 |
|
|
|a 738
|2 2011
|
| 080 |
|
|
|a 730.027.1-034
|2 2011
|
| 080 |
|
|
|a 7.036/.038
|2 2011
|
| 080 |
|
|
|a (437.6)
|2 2001
|
| 080 |
|
|
|a (083.824)
|2 2001
|
| 245 |
0 |
0 |
|a Miroslav Korčák
|b Keramika a kov (1986-2016)
|c [kurátor výstavy a zodpovedný redaktor Štefan Zajíček]
|
| 246 |
3 |
0 |
|a Keramika a kov (1986-2016)
|
| 260 |
|
|
|a Senica
|b Záhorská galéria Jána Mudrocha
|c 2016
|
| 300 |
|
|
|a [16] s.
|b fotogr.
|c 30 cm
|
| 490 |
1 |
|
|a Umelci Záhoria
|v zv. 53
|
| 500 |
|
|
|a Názov z obalu
|
| 500 |
|
|
|a Životopisné dáta, prehľad výstav
|
| 500 |
|
|
|a Jubilejná výstava Miroslav Korčák Keramika a kov (1986-2016) usporiadaná k šesťdesiatročnému životnému jubileu keramikára, v čase od 15. júla do 31. augusta 2016 v Galérii u františkánov v Skalici
|
| 546 |
|
|
|a Res. nem.
|
| 600 |
1 |
7 |
|a Korčák, Miroslav,
|d 1956-
|2 SNKMA
|9 556089
|
| 648 |
|
7 |
|a 20.-21. stor.
|2 SNKPH
|9 270701
|
| 648 |
|
7 |
|a 20th-21st centuries
|2 SNKPHeng
|9 285312
|
| 648 |
|
7 |
|a 1986-2016
|2 SNKPH
|9 496592
|
| 650 |
0 |
7 |
|a kovové plastiky
|z Slovensko
|2 SNKPH
|9 556090
|
| 650 |
0 |
7 |
|a Metal sculptures
|z Slovakia
|2 SNKPHeng
|9 556091
|
| 650 |
0 |
7 |
|a umelecká keramika
|z Slovensko
|2 SNKPH
|9 495791
|
| 650 |
0 |
7 |
|a moderné umenie
|z Slovensko
|2 SNKPH
|9 314849
|
| 650 |
0 |
7 |
|a Art pottery
|z Slovakia
|2 SNKPHeng
|9 495793
|
| 650 |
0 |
7 |
|a modern art
|z Slovakia
|2 SNKPHeng
|9 314851
|
| 655 |
|
7 |
|a katalógy výstav
|2 SNKPH
|9 70445
|
| 655 |
|
7 |
|a Exhibition catalogs
|2 SNKPHeng
|9 266232
|
| 700 |
1 |
|
|a Zajíček, Štefan,
|d 1949-
|4 cur
|4 red
|9 98488
|
| 830 |
|
0 |
|a Umelci Záhoria
|9 380004
|
| 919 |
|
|
|a 978-80-89724-15-4
|
| 999 |
|
|
|c 853333
|d 855263
|
| 952 |
|
|
|a SNK
|b SNK
|y PREZ
|7 0
|p 17A1258965
|o snkOSB 18680
|i snk2017/11500
|8 0
|0 0
|1 0
|4 0
|d 2017-05-17
|l 0
|r 2026-02-24 04:48:13
|w 2026-02-24
|
| 952 |
|
|
|a SNK
|b SNK
|y VYP
|7 0
|p 17A1258966
|o snkOSB 18680 D1
|i snk2017/11501
|8 0
|0 0
|1 0
|4 0
|d 2017-05-17
|l 0
|r 2026-02-24 04:48:13
|w 2026-02-24
|